00598nam a2200181Ia 4500008004100000020001500041041001200056100001600068245005100084250000800135260003900143300000800182650001600190700001600206942000700222999001700229952017000246221030s9999 xx 000 0 und d a8177587654 aEnglish aD. D. Hearn 0aComputer Graphicscby D. D. Hearn, M. P. Baker a2nd bPearson EducationaNew Delhic2013 a660 aBB Computer aM. P. Baker cBK c16429d16429 pBB 766g879.00i3980l0eRKBr2025-05-17 00:00:00w2022-10-30yBK003Print4070aMIETLIBbMIETLIBcBL-Academic Block B, FL-2, CUP-104, SH-6, R-6d2016-02-0410HBB